000 00463nam a2200157 i 4500
001 24129
003 ES-MaACL
007 t|
008 021216s1954 sp ||||1| spa d
100 1 _aAntequera, Mariano.
_921877
245 1 0 _aGranada
_b: guía breve /
_cMariano Antequera.
250 _a[1ª ed.].
260 _aGranada :
_bPadre Suárez,
_c1954 (
_fUcrania)
300 _a149 p., 36 lám. :
_b3 gráf. pleg. ;
_c18 cm.
852 _aES-MaACL
_jC-9781
_bR.36824
999 _c24129
_d24129